Clubs qui appartiennent au groupe red bull - Statistiques

Statistiques générales
  • Ce quiz a été pris 34 fois
  • Le résultat moyen est 4 sur 7
Statistiques - réponses
Pays Ville du club % Correct
Allemagne Leipzig
100%
Autriche Salzbourg
97%
Usa New York
64%
France Paris
55%
Angleterre Leeds
39%
Brésil Bragança paulista
6%
Japon Saitama
6%
Aucun quiz correspondant
Distribution des résultats
% des personnes avec chaque résultat
Percentile par nombre de réponses
Votre historique - résultats
Vous n’avez pas pris ce quiz